[Event "Deutsche Ländermeisterschaft 2025"]
[Site "Oer-Erkenschwick GER"]
[Date "2025.10.03"]
[Round "5"]
[White "Böhler, Yannic"]
[Black "Hoppe, Arthur"]
[Result "1-0"]
[Termination "normal"]
[Board "7.4"]
[WhiteElo "1848"]
[BlackElo "2041"]
[WhiteClock "00:27:29"]
[BlackClock "01:02:09"]
[WhiteTeam "Hamburg 2"]
[BlackTeam "Berlin"]
[PlyCount "67"]
[WhiteFideId "34609059"]
[BlackFideId "34618910"]
[EventCountry "GER"]
[EventRounds "7"]
[EventType "team-swiss"]
[EventDate "2025.09.30"]

1. c4 {[%clk 01:30:58]} {[%emt 00:00:02]} e6 {[%clk 01:30:57]} {[%emt
00:00:04]} 2. g3 {[%clk 01:31:23]} {[%emt 00:00:04]} d5 {[%clk 01:31:25]}
{[%emt 00:00:02]} 3. Bg2 {[%clk 01:31:49]} {[%emt 00:00:04]} a6 {[%clk
01:31:54]} {[%emt 00:00:02]} 4. Nf3 {[%clk 01:31:10]} {[%emt 00:01:08]} dxc4
{[%clk 01:31:48]} {[%emt 00:00:35]} 5. a4 {[%clk 01:27:46]} {[%emt 00:03:55]}
Nf6 {[%clk 01:30:48]} {[%emt 00:01:30]} 6. O-O {[%clk 01:26:38]} {[%emt
00:01:38]} Be7 {[%clk 01:30:17]} {[%emt 00:01:01]} 7. Qc2 {[%clk 01:24:55]}
{[%emt 00:02:13]} O-O {[%clk 01:30:36]} {[%emt 00:00:11]} 8. Qxc4 {[%clk
01:24:21]} {[%emt 00:01:04]} b5 {[%clk 01:31:03]} {[%emt 00:00:03]} 9. Qb3
{[%clk 01:23:23]} {[%emt 00:01:26]} bxa4 {[%clk 01:30:06]} {[%emt 00:01:30]}
10. Rxa4 {[%clk 01:16:32]} {[%emt 00:07:20]} Nbd7 {[%clk 01:30:32]} {[%emt
00:00:05]} 11. d4 {[%clk 01:10:43]} {[%emt 00:06:17]} Nb6 {[%clk 01:27:55]}
{[%emt 00:03:07]} 12. Ra1 {[%clk 01:05:43]} {[%emt 00:05:31]} Bb7 {[%clk
01:28:15]} {[%emt 00:00:09]} 13. Nc3 {[%clk 01:02:15]} {[%emt 00:03:57]} Rb8
{[%clk 01:25:44]} {[%emt 00:03:02]} 14. Rd1 {[%clk 01:01:38]} {[%emt 00:01:07]}
Qc8 {[%clk 01:26:06]} {[%emt 00:00:08]} 15. Qc2 {[%clk 00:57:52]} {[%emt
00:04:16]} Nbd5 {[%clk 01:26:18]} {[%emt 00:00:18]} 16. Ne5 {[%clk 00:52:40]}
{[%emt 00:05:40]} Nb4 {[%clk 01:25:34]} {[%emt 00:01:16]} 17. Qa4 {[%clk
00:50:08]} {[%emt 00:03:00]} Bxg2 {[%clk 01:25:47]} {[%emt 00:00:19]} 18. Kxg2
{[%clk 00:50:35]} {[%emt 00:00:02]} Qb7+ {[%clk 01:22:39]} {[%emt 00:03:38]}
19. Kg1 {[%clk 00:49:17]} {[%emt 00:01:49]} c5 {[%clk 01:17:33]} {[%emt
00:05:36]} 20. dxc5 {[%clk 00:37:33]} {[%emt 00:12:14]} Bxc5 {[%clk 01:17:54]}
{[%emt 00:00:09]} 21. Nd7 {[%clk 00:37:24]} {[%emt 00:00:39]} Nxd7 {[%clk
01:17:33]} {[%emt 00:00:51]} 22. Rxd7 {[%clk 00:37:42]} {[%emt 00:00:12]} Qb6
{[%clk 01:17:56]} {[%emt 00:00:06]} 23. Ne4 {[%clk 00:37:51]} {[%emt 00:00:22]}
Rfc8 {[%clk 01:05:33]} {[%emt 00:12:54]} 24. Bf4 {[%clk 00:32:12]} {[%emt
00:06:08]} Ra8 {[%clk 01:04:04]} {[%emt 00:01:57]} 25. Nxc5 {[%clk 00:31:06]}
{[%emt 00:01:39]} Rxc5 {[%clk 01:04:11]} {[%emt 00:00:24]} 26. Be3 {[%clk
00:30:39]} {[%emt 00:00:56]} Nd5 {[%clk 01:04:37]} {[%emt 00:00:04]} 27. Bxc5
{[%clk 00:30:36]} {[%emt 00:00:34]} Qxc5 {[%clk 01:05:03]} {[%emt 00:00:04]}
28. Qxa6 {[%clk 00:30:17]} {[%emt 00:00:49]} Rf8 {[%clk 01:05:13]} {[%emt
00:00:20]} 29. Qb7 {[%clk 00:28:25]} {[%emt 00:02:20]} Nf6 {[%clk 01:04:31]}
{[%emt 00:01:13]} 30. Rc7 {[%clk 00:28:44]} {[%emt 00:00:12]} Qf5 {[%clk
01:04:50]} {[%emt 00:00:11]} 31. Ra8 {[%clk 00:26:42]} {[%emt 00:02:32]} Ne8
{[%clk 01:01:25]} {[%emt 00:03:54]} 32. Rcc8 {[%clk 00:26:37]} {[%emt
00:00:35]} Qb1+ {[%clk 01:01:46]} {[%emt 00:00:09]} 33. Kg2 {[%clk 00:27:06]}
{[%emt 00:00:03]} Qe4+ {[%clk 01:02:09]} {[%emt 00:00:07]} 34. Qxe4 {[%clk
00:27:29]} {[%emt 00:00:06]} 1-0

[Event "Deutsche Ländermeisterschaft 2025"]
[Site "Oer-Erkenschwick GER"]
[Date "2025.10.03"]
[Round "5"]
[White "Lorenz, Veronika"]
[Black "Busch, Jonathan Luis"]
[Result "1-0"]
[Termination "normal"]
[Board "7.5"]
[WhiteElo "1972"]
[BlackElo "1754"]
[WhiteClock "00:45:38"]
[BlackClock "00:44:06"]
[WhiteTeam "Berlin"]
[BlackTeam "Hamburg 2"]
[PlyCount "65"]
[WhiteFideId "16277406"]
[BlackFideId "34664874"]
[EventCountry "GER"]
[EventRounds "7"]
[EventType "team-swiss"]
[EventDate "2025.09.30"]

1. e4 {[%clk 01:30:58]} {[%emt 00:00:01]} e5 {[%clk 01:30:35]} {[%emt
00:00:25]} 2. Nf3 {[%clk 01:31:27]} Nc6 {[%clk 01:30:48]} {[%emt 00:00:17]} 3.
Bb5 {[%clk 01:31:56]} a6 {[%clk 01:31:01]} {[%emt 00:00:17]} 4. Ba4 {[%emt
00:00:02]} d6 {[%clk 01:31:01]} {[%emt 00:00:29]} 5. c3 {[%clk 01:32:26]}
{[%emt 00:00:29]} Bd7 {[%clk 01:29:59]} {[%emt 00:01:33]} 6. O-O {[%clk
01:32:38]} {[%emt 00:00:18]} Nf6 {[%clk 01:29:40]} {[%emt 00:00:49]} 7. Re1
{[%clk 01:31:58]} {[%emt 00:01:09]} Be7 {[%clk 01:29:00]} {[%emt 00:01:11]} 8.
h3 {[%clk 01:31:48]} {[%emt 00:00:40]} O-O {[%emt 00:00:13]} 9. d4 {[%emt
00:00:38]} Re8 {[%clk 01:27:49]} {[%emt 00:00:51]} 10. Nbd2 {[%clk 01:31:24]}
{[%emt 00:00:53]} Bf8 {[%clk 01:24:43]} {[%emt 00:03:36]} 11. Bb3 {[%clk
01:28:22]} {[%emt 00:03:29]} h6 {[%clk 01:23:44]} {[%emt 00:01:33]} 12. Bc2
{[%clk 01:28:23]} {[%emt 00:00:29]} Na7 {[%clk 01:21:38]} {[%emt 00:02:35]} 13.
Nf1 {[%clk 01:28:06]} {[%emt 00:00:47]} c5 {[%clk 01:12:21]} {[%emt 00:09:47]}
14. d5 {[%clk 01:26:50]} {[%emt 00:01:47]} b5 {[%clk 01:12:14]} {[%emt
00:00:36]} 15. Kh2 {[%clk 01:24:28]} {[%emt 00:02:51]} Rc8 {[%clk 01:08:13]}
{[%emt 00:04:32]} 16. g4 {[%clk 01:19:53]} {[%emt 00:05:06]} Nh7 {[%clk
01:06:04]} {[%emt 00:02:39]} 17. Ng3 {[%clk 01:19:23]} {[%emt 00:00:59]} Be7
{[%clk 01:05:46]} {[%emt 00:00:49]} 18. Rg1 {[%clk 01:18:01]} {[%emt 00:01:51]}
Ng5 {[%clk 01:05:11]} {[%emt 00:01:05]} 19. Be3 {[%clk 01:11:58]} {[%emt
00:06:32]} Nxf3+ {[%clk 01:02:24]} {[%emt 00:03:18]} 20. Qxf3 {[%clk 01:12:23]}
{[%emt 00:00:05]} Bg5 {[%clk 01:02:07]} {[%emt 00:00:47]} 21. Nf5 {[%clk
01:11:33]} {[%emt 00:01:20]} Bxe3 {[%clk 01:00:41]} {[%emt 00:01:56]} 22. Qxe3
{[%clk 01:10:24]} {[%emt 00:01:40]} Bxf5 {[%clk 01:00:07]} {[%emt 00:01:03]}
23. gxf5 {[%clk 01:05:46]} {[%emt 00:05:08]} Qf6 {[%clk 00:57:22]} {[%emt
00:03:15]} 24. Rg3 {[%clk 01:04:41]} {[%emt 00:01:33]} Kh8 {[%clk 00:55:36]}
{[%emt 00:02:19]} 25. a4 {[%clk 01:03:11]} {[%emt 00:02:00]} Ra8 {[%clk
00:53:10]} {[%emt 00:02:54]} 26. axb5 {[%clk 01:01:24]} {[%emt 00:02:19]} Nxb5
{[%clk 00:50:35]} {[%emt 00:03:04]} 27. Rgg1 {[%clk 01:00:23]} {[%emt
00:01:31]} Nc7 {[%clk 00:49:33]} {[%emt 00:01:32]} 28. Ba4 {[%clk 00:58:25]}
{[%emt 00:02:29]} Reb8 {[%clk 00:47:56]} {[%emt 00:02:07]} 29. Bc6 {[%clk
00:58:45]} {[%emt 00:00:09]} Ra7 {[%clk 00:48:21]} {[%emt 00:00:05]} 30. b4
{[%clk 00:57:35]} {[%emt 00:01:41]} Qe7 {[%clk 00:47:37]} {[%emt 00:01:14]} 31.
Rgb1 {[%clk 00:45:14]} {[%emt 00:12:50]} Ne8 {[%clk 00:44:04]} {[%emt
00:04:04]} 32. bxc5 {[%clk 00:45:22]} {[%emt 00:00:22]} dxc5 {[%clk 00:44:06]}
{[%emt 00:00:28]} 33. Rxb8 {[%clk 00:45:38]} {[%emt 00:00:14]} 1-0

[Event "Deutsche Ländermeisterschaft 2025"]
[Site "Oer-Erkenschwick GER"]
[Date "2025.10.03"]
[Round "5"]
[White "Mkrtchyan, Nona"]
[Black "Chakhalov, Mikael"]
[Result "0-1"]
[Termination "normal"]
[Board "7.6"]
[WhiteElo "1607"]
[BlackElo "1949"]
[WhiteClock "00:27:22"]
[BlackClock "00:45:48"]
[WhiteTeam "Hamburg 2"]
[BlackTeam "Berlin"]
[PlyCount "112"]
[WhiteFideId "34681841"]
[BlackFideId "34644458"]
[EventCountry "GER"]
[EventRounds "7"]
[EventType "team-swiss"]
[EventDate "2025.09.30"]

1. e4 {[%clk 01:30:59]} {[%emt 00:00:01]} e6 {[%clk 01:30:57]} {[%emt
00:00:03]} 2. d4 {[%clk 01:31:23]} {[%emt 00:00:06]} d5 {[%clk 01:31:24]}
{[%emt 00:00:03]} 3. exd5 {[%clk 01:31:47]} {[%emt 00:00:05]} exd5 {[%clk
01:31:53]} {[%emt 00:00:02]} 4. Bd3 {[%clk 01:32:10]} {[%emt 00:00:07]} Bd6
{[%clk 01:32:16]} {[%emt 00:00:07]} 5. Nf3 {[%clk 01:32:00]} {[%emt 00:00:40]}
Nc6 {[%clk 01:32:40]} {[%emt 00:00:06]} 6. c3 {[%clk 01:32:12]} {[%emt
00:00:18]} Nge7 {[%clk 01:33:05]} {[%emt 00:00:05]} 7. Qc2 {[%clk 01:31:55]}
{[%emt 00:00:46]} Bg4 {[%clk 01:32:45]} {[%emt 00:00:50]} 8. Nbd2 {[%clk
01:31:58]} {[%emt 00:00:28]} Qd7 {[%clk 01:32:23]} {[%emt 00:00:52]} 9. h3
{[%clk 01:30:59]} {[%emt 00:01:29]} Bf5 {[%clk 01:32:19]} {[%emt 00:00:35]} 10.
Nb3 {[%clk 01:25:19]} {[%emt 00:06:09]} b6 {[%clk 01:27:01]} {[%emt 00:05:48]}
11. Be3 {[%clk 01:17:52]} {[%emt 00:07:56]} O-O {[%clk 01:25:45]} {[%emt
00:01:44]} 12. O-O-O {[%clk 01:14:02]} {[%emt 00:04:22]} a5 {[%clk 01:25:11]}
{[%emt 00:01:04]} 13. Nbd2 {[%clk 01:10:57]} {[%emt 00:03:35]} b5 {[%clk
01:24:13]} {[%emt 00:01:28]} 14. g4 {[%clk 01:07:57]} {[%emt 00:03:31]} Bxd3
{[%clk 01:22:38]} {[%emt 00:02:04]} 15. Qxd3 {[%clk 01:08:20]} {[%emt
00:00:07]} b4 {[%clk 01:22:48]} {[%emt 00:00:20]} 16. c4 {[%clk 01:08:33]}
{[%emt 00:00:17]} dxc4 {[%clk 01:21:57]} {[%emt 00:01:21]} 17. Nxc4 {[%clk
01:08:49]} {[%emt 00:00:14]} Nd5 {[%clk 01:21:26]} {[%emt 00:01:02]} 18. Nfe5
{[%clk 01:07:18]} {[%emt 00:02:01]} Qe8 {[%clk 01:20:39]} {[%emt 00:01:15]} 19.
Kb1 {[%clk 00:53:18]} {[%emt 00:14:32]} Bxe5 {[%clk 01:15:24]} {[%emt
00:05:44]} 20. dxe5 {[%clk 00:52:44]} {[%emt 00:01:03]} Nxe3 {[%clk 01:15:20]}
{[%emt 00:00:36]} 21. Qxe3 {[%clk 00:52:53]} {[%emt 00:00:21]} Qe6 {[%clk
01:14:49]} {[%emt 00:01:01]} 22. Qe4 {[%clk 00:49:05]} {[%emt 00:03:58]} a4
{[%clk 01:12:01]} {[%emt 00:03:37]} 23. Rhe1 {[%clk 00:46:48]} {[%emt
00:02:47]} b3 {[%clk 01:10:55]} {[%emt 00:01:36]} 24. a3 {[%clk 00:46:54]}
{[%emt 00:00:25]} Rfd8 {[%clk 01:05:12]} {[%emt 00:06:11]} 25. f4 {[%clk
00:46:24]} {[%emt 00:01:01]} Ne7 {[%clk 01:03:59]} {[%emt 00:01:42]} 26. Ne3
{[%clk 00:42:50]} {[%emt 00:04:06]} Qc6 {[%clk 00:50:36]} {[%emt 00:13:52]} 27.
Qxc6 {[%clk 00:40:06]} {[%emt 00:03:15]} Nxc6 {[%clk 00:51:04]} {[%emt
00:00:02]} 28. Nd5 {[%clk 00:38:07]} {[%emt 00:02:28]} Kf8 {[%clk 00:39:42]}
{[%emt 00:11:49]} 29. Nxc7 {[%clk 00:35:37]} {[%emt 00:03:03]} Rac8 {[%clk
00:39:30]} {[%emt 00:00:41]} 30. Rxd8+ {[%clk 00:34:28]} {[%emt 00:01:39]} Rxd8
{[%clk 00:39:36]} {[%emt 00:00:24]} 31. Nb5 {[%clk 00:23:44]} {[%emt 00:11:15]}
Rd3 {[%clk 00:37:37]} {[%emt 00:02:27]} 32. Kc1 {[%clk 00:18:57]} {[%emt
00:05:19]} Rxh3 {[%clk 00:34:59]} {[%emt 00:03:09]} 33. e6 {[%clk 00:19:00]}
{[%emt 00:00:26]} Rg3 {[%clk 00:32:30]} {[%emt 00:02:59]} 34. exf7 {[%clk
00:18:19]} {[%emt 00:01:11]} Rxg4 {[%clk 00:29:30]} {[%emt 00:03:30]} 35. Nd6
{[%clk 00:17:59]} {[%emt 00:00:51]} Ne7 {[%clk 00:29:56]} {[%emt 00:00:04]} 36.
Re4 {[%clk 00:16:33]} {[%emt 00:01:56]} Rg6 {[%clk 00:29:50]} {[%emt 00:00:34]}
37. Rd4 {[%clk 00:16:11]} {[%emt 00:00:53]} Rf6 {[%clk 00:29:51]} {[%emt
00:00:26]} 38. Nb5 {[%clk 00:09:39]} {[%emt 00:07:05]} Kxf7 {[%clk 00:28:46]}
{[%emt 00:01:34]} 39. Rxa4 {[%clk 00:10:00]} {[%emt 00:00:10]} Nd5 {[%clk
00:28:05]} {[%emt 00:01:11]} 40. f5 {[%clk 00:09:50]} {[%emt 00:00:40]} Rc6+
{[%clk 00:27:16]} {[%emt 00:01:18]} 41. Kb1 {[%clk 00:07:06]} {[%emt 00:03:15]}
Ne3 {[%clk 00:22:51]} {[%emt 00:04:55]} 42. Rb4 {[%clk 00:03:10]} {[%emt
00:04:26]} Nxf5 {[%clk 00:21:56]} {[%emt 00:01:25]} 43. Rxb3 {[%clk 00:02:58]}
{[%emt 00:00:43]} g5 {[%clk 00:20:21]} {[%emt 00:02:04]} 44. Rf3 {[%clk
00:02:58]} {[%emt 00:00:30]} Rf6 {[%clk 00:20:47]} {[%emt 00:00:04]} 45. a4
{[%clk 00:02:50]} {[%emt 00:00:38]} g4 {[%clk 00:20:49]} {[%emt 00:00:28]} 46.
Rf1 {[%clk 00:02:11]} {[%emt 00:01:09]} g3 {[%clk 00:21:15]} {[%emt 00:00:04]}
47. Nc3 {[%clk 00:02:30]} {[%emt 00:00:10]} g2 {[%clk 00:20:38]} {[%emt
00:01:08]} 48. Rg1 {[%clk 00:02:34]} {[%emt 00:00:27]} Ne3 {[%clk 00:20:59]}
{[%emt 00:00:09]} 49. Ne2 {[%clk 00:02:25]} {[%emt 00:00:39]} h5 {[%clk
00:19:50]} {[%emt 00:01:39]} 50. a5 {[%clk 00:01:47]} {[%emt 00:01:08]} h4
{[%clk 00:20:06]} {[%emt 00:00:13]} 51. b4 {[%clk 00:01:05]} {[%emt 00:01:13]}
h3 {[%clk 00:19:43]} {[%emt 00:00:52]} 52. b5 {[%clk 00:00:57]} {[%emt
00:00:38]} h2 {[%clk 00:17:27]} {[%emt 00:02:46]} 53. b6 {[%clk 00:29:35]}
{[%emt 00:01:52]} h1=Q {[%emt 00:01:10]} 54. b7 {[%emt 00:00:16]} Qh2 {[%clk
00:46:06]} {[%emt 00:00:25]} 55. Ka2 {[%clk 00:29:08]} {[%emt 00:00:58]} Qc7
{[%clk 00:45:33]} {[%emt 00:01:02]} 56. b8=Q {[%clk 00:27:22]} {[%emt
00:02:17]} Qxb8 {[%clk 00:45:48]} {[%emt 00:00:14]} 0-1

[Event "Deutsche Ländermeisterschaft 2025"]
[Site "Oer-Erkenschwick GER"]
[Date "2025.10.03"]
[Round "5"]
[White "Klymenko, Maria"]
[Black "Blöcher, Mina"]
[Result "0-1"]
[Termination "normal"]
[Board "7.7"]
[WhiteElo "1728"]
[BlackElo "1571"]
[WhiteClock "00:49:21"]
[BlackClock "00:17:00"]
[WhiteTeam "Berlin"]
[BlackTeam "Hamburg 2"]
[PlyCount "98"]
[WhiteFideId "34620621"]
[BlackFideId "34663339"]
[EventCountry "GER"]
[EventRounds "7"]
[EventType "team-swiss"]
[EventDate "2025.09.30"]

1. Nf3 {[%clk 01:30:56]} {[%emt 00:00:03]} Nf6 {[%clk 01:30:49]} {[%emt
00:00:12]} 2. g3 {[%clk 01:31:18]} {[%emt 00:00:08]} g6 {[%clk 01:30:59]}
{[%emt 00:00:21]} 3. Bg2 {[%clk 01:31:43]} {[%emt 00:00:05]} Bg7 {[%clk
01:31:20]} {[%emt 00:00:09]} 4. O-O {[%clk 01:32:06]} {[%emt 00:00:06]} O-O
{[%clk 01:31:18]} {[%emt 00:00:33]} 5. d4 {[%clk 01:32:31]} {[%emt 00:00:04]}
d6 {[%clk 01:30:33]} {[%emt 00:01:16]} 6. c4 {[%clk 01:32:54]} {[%emt
00:00:05]} c5 {[%clk 01:30:50]} {[%emt 00:00:14]} 7. Nc3 {[%clk 01:31:53]}
{[%emt 00:01:30]} Na6 {[%clk 01:23:10]} {[%emt 00:08:10]} 8. b3 {[%clk
01:30:36]} {[%emt 00:01:49]} Nc7 {[%clk 01:21:23]} {[%emt 00:02:16]} 9. Bb2
{[%clk 01:28:24]} {[%emt 00:02:42]} Rb8 {[%clk 01:20:24]} {[%emt 00:01:29]} 10.
dxc5 {[%clk 01:26:10]} {[%emt 00:02:44]} dxc5 {[%clk 01:16:59]} {[%emt
00:03:56]} 11. Ne5 {[%clk 01:24:52]} {[%emt 00:01:46]} Nd7 {[%clk 01:15:19]}
{[%emt 00:02:10]} 12. Nd3 {[%clk 01:23:50]} {[%emt 00:01:34]} a6 {[%clk
01:14:33]} {[%emt 00:01:16]} 13. Qc2 {[%clk 01:22:36]} {[%emt 00:01:43]} b5
{[%clk 01:08:18]} {[%emt 00:06:46]} 14. Rfd1 {[%clk 01:20:27]} {[%emt
00:02:39]} Qe8 {[%clk 01:06:28]} {[%emt 00:02:21]} 15. Bc6 {[%clk 01:16:36]}
{[%emt 00:04:20]} Ne6 {[%clk 01:01:37]} {[%emt 00:05:23]} 16. cxb5 {[%clk
01:15:56]} {[%emt 00:01:09]} Nd4 {[%clk 00:58:37]} {[%emt 00:03:30]} 17. Qd2
{[%clk 01:15:26]} {[%emt 00:00:55]} Nxc6 {[%clk 00:55:40]} {[%emt 00:03:31]}
18. bxc6 {[%clk 01:15:33]} {[%emt 00:00:23]} Nb6 {[%clk 00:54:53]} {[%emt
00:01:17]} 19. Nxc5 {[%clk 01:13:55]} {[%emt 00:02:08]} Qxc6 {[%clk 00:47:44]}
{[%emt 00:07:39]} 20. b4 {[%clk 01:09:29]} {[%emt 00:04:55]} Nc4 {[%clk
00:46:40]} {[%emt 00:01:35]} 21. Qc2 {[%clk 01:05:12]} {[%emt 00:04:48]} Nxb2
{[%clk 00:45:27]} {[%emt 00:01:43]} 22. Qxb2 {[%clk 01:01:29]} {[%emt
00:04:12]} Qxc5 {[%clk 00:40:26]} {[%emt 00:05:31]} 23. bxc5 {[%clk 01:01:10]}
{[%emt 00:00:49]} Rxb2 {[%clk 00:40:11]} {[%emt 00:00:45]} 24. Rac1 {[%clk
01:01:03]} {[%emt 00:00:37]} Bxc3 {[%clk 00:39:53]} {[%emt 00:00:49]} 25. Rxc3
{[%clk 01:01:27]} {[%emt 00:00:06]} Rxa2 {[%clk 00:40:12]} {[%emt 00:00:11]}
26. c6 {[%clk 01:01:13]} {[%emt 00:00:43]} Kg7 {[%clk 00:35:45]} {[%emt
00:04:58]} 27. c7 {[%clk 01:00:19]} {[%emt 00:01:23]} Rxe2 {[%clk 00:32:27]}
{[%emt 00:03:49]} 28. Rd8 {[%clk 00:58:38]} {[%emt 00:02:10]} a5 {[%clk
00:28:19]} {[%emt 00:04:39]} 29. Rcd3 {[%clk 00:58:09]} {[%emt 00:00:58]} Be6
{[%clk 00:26:21]} {[%emt 00:02:29]} 30. Rxf8 {[%clk 00:53:01]} {[%emt
00:05:38]} Kxf8 {[%clk 00:26:38]} {[%emt 00:00:14]} 31. Rd8+ {[%clk 00:53:04]}
{[%emt 00:00:26]} Kg7 {[%emt 00:00:24]} 32. c8=Q Bxc8 {[%clk 00:26:34]} {[%emt
00:00:50]} 33. Rxc8 {[%clk 00:53:45]} {[%emt 00:00:08]} a4 {[%clk 00:26:03]}
{[%emt 00:01:02]} 34. Ra8 {[%clk 00:53:56]} {[%emt 00:00:18]} Re4 {[%clk
00:25:38]} {[%emt 00:00:55]} 35. f3 {[%clk 00:53:22]} {[%emt 00:01:04]} Rd4
{[%clk 00:25:40]} {[%emt 00:00:30]} 36. Kf2 {[%clk 00:53:09]} {[%emt 00:00:41]}
Rb4 {[%clk 00:23:44]} {[%emt 00:02:27]} 37. Ra6 {[%clk 00:51:19]} {[%emt
00:02:19]} e6 {[%clk 00:22:19]} {[%emt 00:01:56]} 38. Ra5 {[%clk 00:51:08]}
{[%emt 00:00:40]} Kf6 {[%clk 00:21:44]} {[%emt 00:01:06]} 39. f4 {[%clk
00:50:52]} {[%emt 00:00:46]} h6 {[%clk 00:20:53]} {[%emt 00:01:21]} 40. h4
{[%clk 00:50:04]} {[%emt 00:01:19]} Rb2+ {[%clk 00:18:16]} {[%emt 00:03:06]}
41. Kg1 {[%clk 00:49:09]} {[%emt 00:01:24]} Rb3 {[%clk 00:17:18]} {[%emt
00:01:24]} 42. Rxa4 {[%clk 00:48:50]} {[%emt 00:00:54]} Rxg3+ {[%clk 00:17:43]}
{[%emt 00:00:05]} 43. Kh2 {[%clk 00:49:08]} {[%emt 00:00:12]} Rg4 {[%clk
00:16:47]} {[%emt 00:01:26]} 44. Kh3 {[%clk 00:49:23]} {[%emt 00:00:15]} h5
{[%clk 00:17:05]} {[%emt 00:00:13]} 45. Rb4 {[%clk 00:49:16]} {[%emt 00:00:36]}
Kf5 {[%clk 00:17:04]} {[%emt 00:00:31]} 46. Rb7 {[%clk 00:49:20]} {[%emt
00:00:26]} f6 {[%clk 00:16:40]} {[%emt 00:00:54]} 47. Rb5+ {[%clk 00:48:59]}
{[%emt 00:00:50]} Kxf4 {[%clk 00:16:17]} {[%emt 00:00:54]} 48. Rb4+ {[%clk
00:49:14]} {[%emt 00:00:13]} Kf5 {[%clk 00:16:44]} {[%emt 00:00:04]} 49. Rb5+
{[%clk 00:49:21]} {[%emt 00:00:23]} e5 {[%clk 00:17:00]} {[%emt 00:00:15]} 0-1